000 00438nam a2200181Ia 4500
008 230524s9999 xx 000 0 und d
020 _a9780070634633
082 _a621.3821
_bMIL
100 _aJacob Millman
245 0 _aIntegrated Electronics
250 _a1ST
260 _aNEW DELHI
_bTMH
_c2004
300 _aXV;910
500 _aQuantity Number: 109
650 _aElectronics
700 _a Christos C.Halkias
942 _cBK
999 _c14463
_d14463